Vicente Del Bosque's Real Madrid - Statistics

General Stats
  • This quiz has been taken 9 times
  • The average score is 27 of 74
Answer Stats
Rank Player Position Nationality Matches Goals Assists % Correct
4 Iker Casillas Goalkeeper 184 0 0
100%
1 Roberto Carlos Left-Back 201 29 44
100%
14 Zinédine Zidane Attacking Midfield 99 24 34
100%
8 Luís Figo Right Winger 148 37 67
89%
2 Raúl Second Striker 195 108 46
89%
9 Steve McManaman Right Midfield 148 12 18
89%
11 Claude Makélélé Defensive Midfield 144 2 8
78%
7 Fernando Hierro Centre-Back 166 20 8
78%
10 Fernando Morientes Centre-Forward 146 47 23
78%
64 Michael Laudrup Attacking Midfield 1 2 1
78%
63 Samuel Eto'o Centre-Forward 2 0 0
78%
62 Carlos Sánchez Goalkeeper 2 0 0
67%
22 César Sánchez Goalkeeper 44 0 0
67%
23 Ronaldo Centre-Forward 44 30 8
67%
69 Bodo Illgner Goalkeeper 1 0 0
56%
25 Esteban Cambiasso Defensive Midfield 39 0 4
56%
3 Iván Helguera Centre-Back 185 23 11
56%
31 Nicolas Anelka Centre-Forward 23 7 3
56%
12 Santiago Solari Left Midfield 121 8 11
56%
53 Clarence Seedorf Central Midfield 6 0 1
44%
24 Fernando Redondo Defensive Midfield 41 0 4
44%
6 Guti Central Midfield 177 50 29
44%
38 Iván Zamorano Centre-Forward 13 4 4
44%
45 Luis Enrique Right Midfield 9 1 0
44%
26 Manolo Sanchís Centre-Back 37 1 0
44%
5 Míchel Salgado Right-Back 183 2 15
44%
20 Njitap Geremi Right Midfield 65 2 9
44%
16 Sávio Left Winger 83 12 20
44%
13 Aitor Karanka Centre-Back 111 0 1
33%
51 Chendo Right-Back 7 0 0
33%
30 Christian Karembeu Defensive Midfield 24 0 0
33%
44 Emilio Butragueño Centre-Forward 10 4 2
33%
18 Flávio Conceição Central Midfield 74 2 2
33%
15 Francisco Pavón Centre-Back 85 1 2
33%
21 Iván Campo Defensive Midfield 50 0 0
33%
33 Júlio César Centre-Back 17 0 1
33%
29 Raúl Bravo Centre-Back 24 1 3
33%
42 Rubén González Centre-Back 11 0 1
33%
19 Albert Celades Defensive Midfield 69 5 4
22%
71 Álex Pérez Left Winger 1 0 0
22%
59 Borja Fernández Defensive Midfield 4 0 0
22%
34 Elvir Baljic Left Winger 16 1 0
22%
28 Javier Portillo Centre-Forward 25 15 1
22%
73 Luis García Central Midfield 1 0 0
22%
40 Míchel Right Midfield 12 5 3
22%
36 Paco Buyo Goalkeeper 13 0 0
22%
17 Pedro Munitis Second Striker 81 5 11
22%
43 Robert Prosinecki Central Midfield 10 5 3
22%
54 Albano Bizzarri Goalkeeper 5 0 0
11%
58 Alberto Marcos Left-Back 4 0 0
11%
49 Alberto Rivera Central Midfield 8 0 0
11%
72 Carlos Aranda Centre-Forward 1 0 0
11%
56 David Aganzo Centre-Forward 5 0 0
11%
68 Enrique Corrales Left-Back 1 0 0
11%
65 Fernando Attacking Midfield 1 0 0
11%
52 Javier Dorado Left-Back 7 0 0
11%
61 José Luis Morales Right Winger 3 0 0
11%
35 José Manuel Meca Centre-Forward 14 1 2
11%
70 Juan Esnáider Centre-Forward 1 0 0
11%
74 Juanjo Olalla Centre-Back 1 0 0
11%
46 Kike Velasco Right-Back 9 0 0
11%
57 Luis Miguel Ramis Centre-Back 5 0 0
11%
47 Luis Milla Central Midfield 9 0 0
11%
50 Mikel Lasa Left-Back 8 0 0
11%
66 Nando Centre-Back 1 0 0
11%
27 Óscar Miñambres Right-Back 34 0 9
11%
32 Perica Ognjenovic Right Winger 19 1 3
11%
55 Peter Dubovský Second Striker 5 1 0
11%
67 Quique Sánchez Flores Right-Back 1 0 0
11%
37 Rafael Alkorta Centre-Back 13 0 0
11%
41 Rafa Martín Vázquez Attacking Midfield 11 1 0
11%
48 Rolando Zárate Centre-Forward 9 3 0
11%
39 Tote Attacking Midfield 13 6 3
11%
60 Valdo Right Winger 4 0 1
11%
No matching quizzes found
Score Distribution
Percent of People with Each Score
Percentile by Number Answered
Your Score History
You have not taken this quiz